000 00419pab a2200157 454500
008 180718b2005 xxu||||| |||| 00| 0 eng d
100 _aLal, Vinay
245 _aThe Tavistock Square Gandhi and the war on terror, war on non-violence
260 _c2005
300 _ap.3242-243.
362 _a23 Jul
650 _aNon violence
650 _aGandhi, M.K.
773 _aEconomic and Political Weekly
909 _a66411
999 _c66411
_d66411